MDQL
is popping MORE tags! Check the
thread
!
Quizzes
Events
Quiz Creation
Community
Videos
Private Events
Remove Ads
Sign In
Join for FREE
Feedback
Dark Mode
Quiz Categories
Sports
Geography
Music
Movies
Television
Just For Fun
Miscellaneous
History
Literature
Language
Science
Gaming
Entertainment
Religion
Holiday
For Kids
Quiz Lab
Recent
Popular Today
Quiz Kudos Today
Editor Picks
Curator Picks
Quizzes by...
Day
Popularity
Type
Ratings
Length
Year
Community
Subscriptions
Recent Discussions
Orange Saloon
Badges
Playlists
Quests
Create
Leaderboards
Showdown
Live 5
Trivia Bingo
Activity
Puzzle Library
Sporcle Events
Private Events
Virtual Trivia
Globe League
Become a Host
Pub Owners
SporcleCon
Opinionation
Our Games
Videos
Blog
Mobile Apps
Partnerships
Remove Ads and Go Orange
Feedback
Entertainment
Celebrity
Famous
Musical
Broadway
Show
Quote
Comic Books
Anime
Superhero
DC Comics
Marvel
Cartoons
Animation
Entertainment
Celebrity
Famous
Musical
Broadway
Show
Quote
Comic Books
Anime
Superhero
DC Comics
Marvel
Cartoons
Animation
Random Quiz
Search Sporcle
×
Quiz Lab
Quiz Lab
Entertainment
Show
Type in answers that appear in a list
Type in answers that appear in a list
Classic
Best Score? Go Orange.
ClanBase Radio shows Stats
Can you name the ClanBase Radio show titles?
By
Decl
7m
33 Questions
14 Plays
14 Plays
14 Plays
Comments
Comments
Give Quiz Kudos
Give Quiz Kudos
-
- Ratings
hide this ad
More Info
Replay
Link that replays current quiz
Next Quiz
Link to next quiz in quiz playlist
You Got
0%
They Got
Avg Score
39%
Avg Friend Score
Upgrade to see
Score Distribution
Jump to the score distribution portion of the page
Score
0/33
Timer
07:00
0
Plays Today
Host(s)
Show name
% Correct
Decl
Tü on Tü
92.9%
twisty
ClanBase TOP 10 Chart
85.7%
twisty
Twisted Sunday
85.7%
Neur0
Weekend Kickoff
71.4%
Smeed /
ssmmdd
TFI Friday
71.4%
Dreamy
The Dreamy Show
71.4%
Hedley
The Hedley Show
64.3%
JoeShow
The Joe Show
64.3%
Glasya
Bootylicious
64.3%
Nex
The Nex Level
57.1%
Apoc
Friday Nite Delight
50%
MrVestek
Monday Mania
50%
Dictator
Massive Choons
50%
ramdrop
DropShot
50%
Mauler
Maulers Hardcore Show
50%
DipStick
Purely Hardstyle
42.9%
Snipes & TheDevilOnLine
Gamer!
35.7%
Host(s)
Show name
% Correct
Annargh /
AnnaPanda
STOP! Panda Time
35.7%
tonfish
Soulshine
35.7%
Nex & Ins0mnia
EuroCup Weekly
28.6%
iBram
EARGASM
21.4%
Apoc
The Weekend Starts Here
21.4%
Smeed /
ssmmdd
Monday Night Smeed
14.3%
Cryptic
Total Trance
14.3%
Nitroxx /
Nemesis
Capital of Harder Styles
14.3%
Ins0mnia
IATYSU
14.3%
Snoxy
Progressive Beyond Expressive
14.3%
Spinola
Mid-week Mashup
7.1%
Shane
Thursday Night Throw Down
7.1%
Deceiver /
Disease
A New Rise
7.1%
Wiking
The ClubShow
7.1%
myzt
Me, Myzelf & I
7.1%
Deceiver /
Disease
The Disease
7.1%
Quiz Playlist
Details
Report
Send in Message
Add To Playlist
More Info:
Try to name some of the shows that ran on ClanBase Radio since the station launched in October of 2008.
Classic:
Type in answers that appear in a list
Quiz Source
Last Updated: Feb 16, 2017
Quiz Scoreboard
CHALLENGE
Sign Up to Join the Scoreboard
Show All
Scores
Hide
Comments
May contain spoilers
Recently Published
Two Season TV Shows II
by 123Four
Television
10m
Image Sorting: Flags VI
by Barbecue
Geography
2m
Find the 'City' Movie
by crazypaving
Movies
60s
More to Explore
Quiz From the Vault
Featured Blog Post
14 Easter Pick-up Lines to Find Eggs With
hide this ad
You Might Also Like...
Tags
Show Quiz
Active
host
radio
Today's Top Quizzes in Entertainment
Browse Entertainment
hide this ad
Today's Top Quizzes in Show
Browse Show
Top Contributed Quizzes in Entertainment
1
Marvel Classic Character Map
2
Dragon Ball Z: Goku's Fights in Order
3
Marvel Characters Bunker
4
Movie-Themed Roller Coasters
5
JoJo's Bizarre Logic Quiz
6
Harry Styles-Are you no.1 fan
7
Sorting Pictures: Villains
8
This is Your Life: Edward Elric
9
This is Your Life: Itachi Uchiha
10
Celebrity Spelling Bee
Explore More
Trending Topics
Harry Potter
Anime
Disney
Crossword
Kpop
NBA
Marvel
The Office
Puzzle
Soccer
WWE
Pokémon
NFL
Song
Country
hide this ad
More By:
Decl
Quiz
Plays
Rating
Category
Featured
Created
UT iCTF clan names on CB
185
5.00
Gaming
Jan 5, 2011
Unreal Tournament intro
98
5.00
Gaming
Jan 5, 2011
ClanBase Radio shows
14
Entertainment
Apr 25, 2011
Go to Creator's Profile
Score Distribution
Quiz Creator Spotlight
Decl
Follow
Send a Message
Quizzes Created
-
Created Quiz Play Count
-
More By This Creator
Popular Quizzes Today
1
Find the US States - No Outlines Minefield
2
Colored Red Africa Blitz
3
Find the 'City' Movie
4
5x2 Blitz: Bands
5
The Countries of the World
6
Find the Countries of Europe - No Outlines Minefield
7
Find the US States
8
US States
More Entertainment Quizzes
Can You Enter This Fictional Place?
Editor's Pick
Trending Quizzes
Colored Red Europe Blitz I
Colored Red Africa Blitz II
Colored Red Europe Blitz II
Colored Red Africa Blitz III
Colored Red Europe Blitz III
Recently Updated
How Do You Spell That?
pecheneg
Godzilla Movies
pecheneg
Grab Bag: 4-10 Letters
pecheneg
2024 March Madness Bracket
pecheneg
Famous TV Couples
Peacemaker
Champions League XIs: Real Madrid
pecheneg
Largest US Cities 1790-2010
pecheneg
Rides in Walt Disney World
pecheneg
Most Oscar Losses (Acting)
pecheneg
Beyoncé Albums
pecheneg
Trending Topics
Harry Potter
Crossword
Marvel
Kpop
Anime
NBA
Disney
Song
Soccer
The Office
NFL
Pokémon
Puzzle
WWE
Country
Your Account Isn't Verified!
In order to create a playlist on Sporcle, you need to verify the email address you used during registration. Go to your
Sporcle Settings
to finish the process.
Report this User
Report this user for behavior that violates our
Community Guidelines
.
Details:
Send Report
Go to the Sporcle.com Mobile Site →
Comments